| 000 | 01381nam0a22002651 4500 | ||
|---|---|---|---|
| 001 | rc\3514174 | ||
| 005 | 20130115142752.5 | ||
| 021 |
_aRU _b[74-93321] |
||
| 035 | _a(NLR Aleph) 007658745 | ||
| 090 |
_a6308616 _c6308616 |
||
| 100 | _a20130115d1974 |||y0rusy50 ca | ||
| 101 | 0 | _arus | |
| 102 | _aRU | ||
| 105 | _ay z ||||| | ||
| 200 | 1 |
_aПланирование себестоимости продукции на предприятиях промышленности строительных конструкций и деталей _eУчеб. пособие _fМ-во высш. и сред. спец. образования СССР. Моск. инж.-строит. ин-т им. В.В. Куйбышева. Фак. повышения квалификации руководителей и специалистов строит. организаций |
|
| 210 |
_aМосква _cБ. и. _d1974 |
||
| 215 |
_a73 с. _d19 |
||
| 300 | _aПеред загл. авт.: Ю.С. Бруман, канд. экон. наук | ||
| 606 |
_aПромышленность строительных материалов, предприятия _xПланирование себестоимости _2psbo |
||
| 700 | 1 |
_aБруман _bЮ. С. _gЮрий Самуилович |
|
| 801 | 0 |
_aRU _bNLR _gpsbo |
|
| 801 | 1 |
_aRU _bELAR _2rusmarc |
|
| 852 |
_aNLR _j74-4/30493 |
||
| 942 | _cBOOK | ||
| 980 | _aNB | ||